Normal view MARC view

Entry Topical Term

Number of records used in: 1

001 - CONTROL NUMBER

  • control field: 18447

003 - CONTROL NUMBER IDENTIFIER

  • control field: OSt

005 - DATE AND TIME OF LATEST TRANSACTION

  • control field: 20240704143300.0

008 - FIXED-LENGTH DATA ELEMENTS

  • fixed length control field: 240704|| aca||aabn | a|a d

040 ## - CATALOGING SOURCE

  • Original cataloging agency: OSt
  • Transcribing agency: OSt

150 ## - HEADING--TOPICAL TERM

  • Topical term or geographic name entry element: Ethnicity
  • Geographic subdivision: Ethiopia

670 ## - SOURCE DATA FOUND

  • Source citation: Work cat.: (OSt)9069: Hogg, Richard. 18445, Pastoralists, ethnicity and the state in Ethiopia /, 1997.